000 00492cam a2200205ua 4500
020 _c2.00
041 _aeng
_h
082 _a930
_bRAM/WO
100 _aRamachandran, T R .
245 _aWorld history, Part 2 /
_cT R Ramachandran.
_hTextual Documents
250 _aRev. /
_b.
260 _aChennai :
_bS.Viswanathan ,
_c1963.
300 _a111 ; .
362 0 _aPart 2-
365 _a2.00
504 _a
700 1 _aVaideeswaran, N .
942 _cBK
999 _c6272
_d6272